| 000 | 00481nam a22001931a 4500 | ||
|---|---|---|---|
| 001 | 4739 | ||
| 003 | OSt | ||
| 005 | 20260204211946.0 | ||
| 008 | 070912s1997||||sp ||||||b||||||||||spa|| | ||
| 020 | _a8482380907 | ||
| 050 | _a635 B532j | ||
| 100 | _aBird, Richard | ||
| 245 | _aEl jardin orgánico / Richard Bird | ||
| 264 | _aEspaña: Agata | ||
| 300 | _a112 p | ||
| 500 | _aIncluye indice y bibliografía | ||
| 650 | _aHorticultura - Agricultura OrgánicaÌ | ||
| 942 |
_2ddc _cBK |
||
| 999 |
_c4739 _d4739 |
||